Vật lí vui Quyển 1

Enregistré dans:
Détails bibliographiques
Auteur principal: Ren - Man, Ia.Pê
Collectivité auteur: Phan Tất Đắc, Lê Nguyên Long, Thế Trường
Autres auteurs: Phan Tất Đắc (Dịch), Thế Trường (Dịch), Lê Nguyên Long (Dịch)
Format: Livre
Langue:Vietnamese
Publié: H. Giáo dục 1998
Édition:Tái bản lần thứ 5
Tags: Ajouter un tag
Pas de tags, Soyez le premier à ajouter un tag!
Thư viện lưu trữ: Mạng thư viện Đại học Đà Nẵng
LEADER 01125nam a2200349 4500
001 000013213
003 9552
005 20120312100351.0
008 120312s1998 viesd
020 |c 11000 
041 0 |a vie 
082 |a 530  |b Ren 
100 0 |a Ren - Man, Ia.Pê 
110 |a Phan Tất Đắc, Lê Nguyên Long, Thế Trường 
245 1 0 |a Vật lí vui  |c Ren - Man, Ia.Pê  |n Quyển 1 
250 |a Tái bản lần thứ 5 
260 |a H.  |b Giáo dục  |c 1998 
300 |a 263 tr.  |c 21 cm. 
700 |a Phan Tất Đắc  |e Dịch 
700 |a Thế Trường  |e Dịch 
700 |a Lê Nguyên Long  |e Dịch 
773 |t Vật lí vui  |w 9551 
OWN |a LSP 
AVA |a UDN50  |b LSP  |d 530 Ren  |e available  |t Error 5001 Not defined in file expand_doc_bib_avail.  |f 1  |g 0  |h N  |i 0  |k 1 
999 |a From the UDN01 
AVA |a UDN50  |b LSP  |d 530 Ren  |e available  |t Error 5001 Not defined in file expand_doc_bib_avail.  |f 1  |g 0  |h N  |i 0  |k 1 
TYP |a Monograph 
TYP |a Printed language 
980 |a Mạng thư viện Đại học Đà Nẵng